000 01050nam a2200205 a 4500
008 120416s1979 ||||||||||||||||| || u
050 _aHD 596 Bau
100 _aBaum, Andrew, 1953-
245 1 4 _aThe Income approach to property valuation
250 _a2nd ed.
260 _aLondon
_bRoutledge and Kegan Paul
_c[1979]
300 _axii, 216 pages : illustrations
350 _a0.00
650 _aLAND
650 _aPROPERTY VALUATION
995 _aMAIN LIBRARY OPEN ACCESS
_D0.00
_e707290
_FCBU-MAIN LIBRARY (Kitwe)
_H4
_I0.00
_jHD 596 Bau
_M4
_ULOST
_y707290
_ZMain Library Open Access Collection
995 _aMAIN LIBRARY OPEN ACCESS
_D0.00
_e707289
_FCBU-MAIN LIBRARY (Kitwe)
_H3
_I0.00
_jHD 596 Bau
_M3
_ULOST
_y707289
_ZMain Library Open Access Collection
995 _aBINDERY (DAMAGED)
_D0.00
_e707288
_FCBU-MAIN LIBRARY (Kitwe)
_H1
_I0.00
_jHD 596 Bau
_M2
_UDAMAGED
_y707288
_ZMain Library Open Access Collection
995 _aBINDERY (DAMAGED)
_D0.00
_e707287
_FCBU-MAIN LIBRARY (Kitwe)
_H2
_I0.00
_jHD 596 Bau
_M1
_UDAMAGED
_y020343
_ZMain Library Open Access Collection
999 _c76457
_d76457